25 MISTERI MENGGEMPARKAN DUNIA

Bibliographic Details
Main Authors: Adrie Noor Al-Fatia (Author), ARNIE SANIB (Author), MUTIA ALTHAF (Author)
Format: Book
Published: Batu Caves, Selangor PTS Publishing House Sdn. Bhd
Subjects:
LEADER 00936cam a2200253 i 4500
001 0000150462
005 20251114090000.0
008 251114t2018 my a e may
020 |a 9789674811235  |q  paperback  |c RM27.00 
040 |a RMC  |b eng  |c RMC  |e rda 
090 0 0 |a 031.02  |b  ADR 
100 1 |a Adrie Noor Al-Fatia  |e  author. 
245 1 0 |a 25 MISTERI MENGGEMPARKAN DUNIA  |c  ADRIE NOOR AL-FATIA, ARNIE SANIB, MUTIA ALTHAF 
264 1 |a Batu Caves, Selangor  |b  PTS Publishing House Sdn. Bhd 
300 |a x, 189 pages  |b  colour illustrations, colour photographs  |c 23 cm 
336 |a text  |2 rdacontent 
337 |a unmediated  |2 rdamedia 
338 |a volume  |2 rdacarrier 
504 |a  Bibliography: pages [175]-186 
650 1 0 |a Curiosities and wonders 
700 1 |a ARNIE SANIB  |e author 
700 1 |a MUTIA ALTHAF  |e author 
852 1 |a RMC 
999 |a 0000043623  |b Royal Military College  |d BOOKS  |e Umum  |f Royal Military College  |j AVAILABLE  |q GOOD CONDITION